Normal view
MARC view
Entry Personal Name
001 - CONTROL NUMBER
- control field: 1350
003 - CONTROL NUMBER IDENTIFIER
- control field: OSt
005 - DATE AND TIME OF LATEST TRANSACTION
- control field: 20260511120855.0
008 - FIXED-LENGTH DATA ELEMENTS
- fixed length control field: 260511|| aca||aabn | a|a d
040 ## - CATALOGING SOURCE
- Original cataloging agency: OSt
- Transcribing agency: OSt
100 ## - HEADING--PERSONAL NAME
- Personal name: Sreekumar T. S
670 ## - SOURCE DATA FOUND
- Source citation: Work cat.: (OSt)16848: Sreekumar T. S., Efficacy of cyclic meditation as yoga based mindfulness intervention for psychological wellbeing in working professionals, 2020